Statistics for Five Least Bordered Countries by Continent

Click here to take the quiz!

General Stats

  • This quiz has been taken 1,512 times
  • The average score is 24 of 27

Answer Stats

Continent Country % Correct
Europe7 Countries
99%
Oceania13 Countries
98%
Asia8 Countries
98%
Africa6 Countries
97%
North America6 Countries
96%
North America10 Countries
96%
Europe6 Countries
95%
EuropeMalta
94%
South America5 Countries
94%
OceaniaPapua New Guinea
94%
North AmericaCanada
93%
South America4 Countries
93%
EuropeIceland
91%
Africa5 Countries
91%
South AmericaBrazil
90%
AfricaLesotho
90%
North AmericaHaiti
90%
Africa10 Countries
89%
North AmericaDominican Republic
87%
South AmericaEcuador
87%
AsiaSouth Korea
87%
South AmericaUruguay
86%
Europe3 Countries
84%
AsiaBrunei
76%
AfricaGambia
74%
AsiaQatar
73%
AsiaEast Timor
71%

Score Distribution

Percentile by Number Answered

Percent of People with Each Score

Your Score History

You have not taken this quiz